<?xml version="1.0" encoding="UTF-8"?>
<record
    xmlns:xsi="http://www.w3.org/2001/XMLSchema-instance"
    xsi:schemaLocation="http://www.loc.gov/MARC21/slim http://www.loc.gov/standards/marcxml/schema/MARC21slim.xsd"
    xmlns="http://www.loc.gov/MARC21/slim">

  <leader>02212njm a2200301Ia 4500</leader>
  <controlfield tag="001">25595</controlfield>
  <controlfield tag="003">IT-RoPAU</controlfield>
  <controlfield tag="005">20220918181110.0</controlfield>
  <controlfield tag="008">131025s9999    xx            000 0 und d</controlfield>
  <datafield tag="040" ind1=" " ind2=" ">
    <subfield code="a">IT-RoPAU</subfield>
  </datafield>
  <datafield tag="040" ind1=" " ind2=" ">
    <subfield code="c">IT-RoPAU</subfield>
  </datafield>
  <datafield tag="041" ind1=" " ind2=" ">
    <subfield code="a">FRANCESE</subfield>
  </datafield>
  <datafield tag="999" ind1=" " ind2=" ">
    <subfield code="c">98909</subfield>
    <subfield code="d">98909</subfield>
  </datafield>
  <datafield tag="999" ind1=" " ind2=" ">
    <subfield code="b">n.d.</subfield>
  </datafield>
  <datafield tag="100" ind1=" " ind2=" ">
    <subfield code="a">AA.VV.</subfield>
    <subfield code="9">794</subfield>
  </datafield>
  <datafield tag="100" ind1=" " ind2=" ">
    <subfield code="e">Autore musica</subfield>
    <subfield code="9">12352</subfield>
  </datafield>
  <datafield tag="100" ind1=" " ind2=" ">
    <subfield code="g">Codice autore musica SPICS: 12000</subfield>
    <subfield code="9">796</subfield>
  </datafield>
  <datafield tag="245" ind1=" " ind2=" ">
    <subfield code="a">Romantic Strings Play Charles Aznavour's Hits-Midnight in Paris</subfield>
  </datafield>
  <datafield tag="250" ind1=" " ind2=" ">
    <subfield code="a">1a ed.</subfield>
  </datafield>
  <datafield tag="260" ind1=" " ind2=" ">
    <subfield code="a">TORINO</subfield>
  </datafield>
  <datafield tag="260" ind1=" " ind2=" ">
    <subfield code="b">CETRA</subfield>
    <subfield code="c">1975 [1a Ed.:1975 - Ed. Lingua Orig.: 1975]</subfield>
  </datafield>
  <datafield tag="300" ind1=" " ind2=" ">
    <subfield code="a">DISCO</subfield>
  </datafield>
  <datafield tag="300" ind1=" " ind2=" ">
    <subfield code="c">72 minuti (Testo:  pag.)</subfield>
  </datafield>
  <datafield tag="500" ind1=" " ind2=" ">
    <subfield code="a">Musica strumentale. Arrangiamento. Canzone francese e canzone inglese</subfield>
  </datafield>
  <datafield tag="505" ind1=" " ind2=" ">
    <subfield code="a">Non je n'ai rien oublie [(Garvarents Georges-Aznavour Charles) (4:00)] - Mourir d'amour [(Aznavour Charles) (4:00)] - Les enfants de la guerre [(Aznavour Charles) (5:00)] - La mama [(Gall-Aznavour Charles) (4:00)] - La vie Boheme [(Plante J.-Aznavour Charles) (4:00)] - Il faut savoir [(Aznavour Charles) (4:00)] - She [(Kretzmer-Aznavour Charles) (3:00)] - Que c'est triste Venise [(Dorin Francoise-Aznavour Charles) (4:00)] - Les comediens [(Plante J.-Aznavour Charles) (4:00)] - The Old Pashioned Way [(Garvarents Georges-Aznavour Charles) (3:00)] - Yesterday When I Was Young [(Aznavour Charles) (4:00)] - Et pourtant [(Garvarents Georges-Aznavour Charles) (3:00)] - I Love Paris [(Porter Cole) (3:00)] - Forever and A Day [(Andree-Stolle ) (3:00)] - Moulin Rouge [(Auric George-Larue Jacques-Engvick William) (3:00)] - Shangri-La [(Stolle-Andree-Rijmenant) (3:00)] - Sonja [(Lambrecht-Stolle-Rijmenant) (3:00)] - Rien qu'une histoire d'amour [(Fauvetta-Tissot) (3:00)] - April in Paris [(Duke Vernon-Harburg E. Y.) (3:00)] - The Seine Is Blue [(Stolle-Andree-Rijmenant) (3:00)] - Pigalle [(Ulmer G.-Koger G.) (3:00)] - Cette simple cigarette [(Stolle-Witt-Rendall) (4:00)] - Summer Dreams in December [(Clark-Rendall-Vasco) (4:00)] - Ca ne regarde personne [(Tissot-Witt) (3:00)]</subfield>
  </datafield>
  <datafield tag="650" ind1=" " ind2=" ">
    <subfield code="a">STRUMENTALE [DISCHI]</subfield>
    <subfield code="e">Codice MATERIA SPICS: 9950</subfield>
    <subfield code="9">828</subfield>
  </datafield>
  <datafield tag="700" ind1=" " ind2=" ">
    <subfield code="a">Aznavour Charles</subfield>
    <subfield code="e">Interprete</subfield>
    <subfield code="g">Codice interprete SPICS: 9707</subfield>
    <subfield code="9">12353</subfield>
  </datafield>
  <datafield tag="942" ind1=" " ind2=" ">
    <subfield code="c">MD</subfield>
    <subfield code="2">ddc</subfield>
  </datafield>
  <datafield tag="952" ind1=" " ind2=" ">
    <subfield code="0">0</subfield>
    <subfield code="1">0</subfield>
    <subfield code="4">0</subfield>
    <subfield code="6">25595_000000000000000</subfield>
    <subfield code="7">1</subfield>
    <subfield code="a">SPICS</subfield>
    <subfield code="b">SPICS</subfield>
    <subfield code="d">2013-10-25</subfield>
    <subfield code="l">0</subfield>
    <subfield code="o">25595</subfield>
    <subfield code="r">2013-10-25 00:00:00</subfield>
    <subfield code="w">2013-10-25</subfield>
    <subfield code="y">MD</subfield>
    <subfield code="z">Progr. Ins.: 5469 / N.Vol.: 2 / Copie: 1 - Copia rara: n.d. / date import: 01.01.2014 - By Epidotti, Trombetti, Vaglietti</subfield>
  </datafield>
</record>
